| 000 | 005500000a22001690004500 | ||
|---|---|---|---|
| 090 |
_aAR _b00609 |
||
| 245 | 1 | 0 | _aDevelopment and use of marking techniques to study manatees in Florida |
| 650 | 1 | 4 |
_aMamíferos acuáticos _993274 |
| 650 | 1 | 4 |
_aMarcaje de individuos _993707 |
| 651 | 4 |
_dFlorida _pEstados Unidos _992749 |
|
| 653 |
_gTrichechus _eTrichechus manatus _vmanatí |
||
| 041 | 0 | _aInglés | |
| 700 | 1 |
_aScott, Michael D. _993708 |
|
| 100 | 1 |
_aIrvine, A. Blair _993279 |
|
| 942 | _cARTICULO | ||
| 773 | 1 |
_tBiological Research _3148 _h1 _q12-26 _d1984 _g47 |
|
| 999 |
_c9701 _d9701 |
||